[Event "Titled Tue 17th Jun Early"]
[Site "chess.com INT"]
[Date "2025.06.17"]
[Round "6"]
[White "Drygalov, Andrey"]
[Black "Sapocinic, Semion"]
[Result "1-0"]
[WhiteTitle "GM"]
[BlackTitle "FM"]
[WhiteElo "2431"]
[BlackElo "2296"]
[WhiteFideId "24171735"]
[BlackFideId "13908693"]
[EventDate "2025.06.17"]

1. e4 e5 2. Nf3 Nc6 3. Bc4 Bc5 4. O-O Nf6 5. d3 d6 6. c3 a5 7. Re1 O-O 8. h3 Bb6
9. Nbd2 Ne7 10. Nf1 Ng6 11. Ng3 c6 12. Bb3 Be6 13. d4 Bxb3 14. Qxb3 a4 15. Qc2
Re8 16. Be3 d5 17. dxe5 Nxe5 18. Nxe5 Rxe5 19. f4 Rxe4 20. Nxe4 Nxe4 21. Bxb6
Qxb6+ 22. Kh2 f5 23. Rad1 Qc7 24. Rf1 b5 25. Qd3 Qa5 26. Rf3 Qb6 27. Qd4 Qc7 28.
Kg1 h6 29. Re1 Rd8 30. Qd3 Qb6+ 31. Kh2 Qc7 32. b3 axb3 33. axb3 Ra8 34. c4 dxc4
35. bxc4 b4 36. c5 Qf7 37. Rb1 Ra3 38. Qd8+ Kh7 39. Rxa3 bxa3 40. Ra1 Qb3 41.
Qd7 Qg3+ 42. Kg1 Qf2+ 43. Kh1 Ng3+ 44. Kh2 Qxf4 45. Qd6 Nf1+ 46. Kg1 Qc4 47.
Rxf1 a2 48. Qe5 Qc2 49. Kh2 Kg6 50. Qe6+ Kh7 51. Qe5 Kg6 52. Re1 Kh7 53. Ra1 Qd2
54. Qxf5+ Kg8 55. Qe6+ Kh7 56. Qxa2 Qf4+ 57. Kh1 Qd4 58. Qc2+ Kg8 59. Rd1 Qe5
60. Rd8+ Kf7 61. Qf2+ Ke7 62. Rd1 Qa1 63. Rxa1 1-0

[Event "Titled Tue 17th Jun Early"]
[Site "chess.com INT"]
[Date "2025.06.17"]
[Round "6"]
[White "Postny, Evgeny"]
[Black "Moroni, Luca Jr"]
[Result "1/2-1/2"]
[WhiteTitle "GM"]
[BlackTitle "GM"]
[WhiteElo "2525"]
[BlackElo "2549"]
[WhiteFideId "2804344"]
[BlackFideId "865834"]
[EventDate "2025.06.17"]

1. Nf3 g6 2. c4 Bg7 3. d4 d6 4. e4 c5 5. dxc5 Qa5+ 6. Bd2 Qxc5 7. Bc3 Nf6 8. Bd3
O-O 9. O-O Nc6 10. Nbd2 a5 11. Rc1 Bg4 12. h3 Bxf3 13. Nxf3 Nd7 14. Be2 Bxc3 15.
Rxc3 Rac8 16. Qd2 Kg7 17. a3 Nde5 18. Rd1 f5 19. Ng5 Nd8 20. exf5 Rxf5 21. Ne4
Qc6 22. Qe3 Ne6 23. Bg4 Nxg4 24. hxg4 Re5 25. f3 Nc5 26. Rd4 Qb6 27. Kh2 Qxb2
28. Rd2 Qb1 29. Re2 Nxe4 30. fxe4 a4 31. Rcc2 Qb3 32. Rc3 Qd1 33. Rd3 Qb1 34.
Qd4 Rf8 35. Rf3 Qc1 36. Ref2 Qh6+ 37. Rh3 Qg5 38. Rxf8 Kxf8 39. Rxh7 Qxg4 40.
Qf2+ Ke8 41. Rh8+ Kd7 42. Qb6 Rh5+ 43. Rxh5 Qxh5+ 44. Kg1 Qd1+ 45. Kh2 Qh5+ 46.
Kg1 Qc5+ 47. Qxc5 dxc5 48. Kf2 Kc6 49. Ke3 b5 50. cxb5+ Kxb5 51. Kd3 e5 52. Kc3
Kb6 53. Kc4 Kc6 54. Kc3 Kb5 55. Kd3 c4+ 56. Kc3 Kc5 57. g3 g5 58. g4 Kb5 59. Kc2
Kb6 60. Kd2 Kc6 61. Kc2 Kd6 62. Kd2 Kc5 63. Kc3 Kb5 64. Kc2 c3 65. Kxc3 Kc5 66.
Kd3 Kb5 67. Kc3 Kc5 68. Kd3 Kb5 69. Kc3 1/2-1/2

[Event "Titled Tue 17th Jun Early"]
[Site "chess.com INT"]
[Date "2025.06.17"]
[Round "6"]
[White "Mamedyarov, Shakhriyar"]
[Black "Papasimakopoulos, Alexandros"]
[Result "1-0"]
[WhiteTitle "GM"]
[BlackTitle "IM"]
[WhiteElo "2746"]
[BlackElo "2366"]
[WhiteFideId "13401319"]
[BlackFideId "4244125"]
[EventDate "2025.06.17"]

1. c4 e6 2. Nc3 d5 3. d4 a6 4. cxd5 exd5 5. Nf3 c6 6. Bf4 Bd6 7. g3 Ne7 8. e3
Bb4 9. h4 Bg4 10. Be2 Bxf3 11. Bxf3 Nd7 12. g4 a5 13. Qc2 Nb6 14. Kf1 Bd6 15.
Ne2 Ng6 16. Bxd6 Qxd6 17. h5 Nf8 18. Ng3 Ne6 19. Kg2 a4 20. Be2 O-O-O 21. a3 g6
22. b3 Kc7 23. bxa4 Ra8 24. Rab1 Nxa4 25. Rb4 b5 26. Bxb5 Nb6 27. Rc1 Nd8 28.
Qb3 Nc8 29. Be2 Re8 30. Bf3 Kd7 31. Ne2 Ke7 32. Nf4 Kf8 33. hxg6 hxg6 34. Rh1
Kg7 35. Qc3 Ne7 36. Rh3 Ne6 37. Nxe6+ Qxe6 38. Rb7 Qd6 39. Qc1 Qxa3 40. Qh1 Rh8
41. Qh2 Rxh3 42. Qe5+ Kf8 43. Kxh3 Ng8 44. Qc7 Qe7 45. Qxc6 Qf6 46. Bxd5 Qxc6
47. Bxc6 Ra5 48. Kg3 Ne7 49. Be4 g5 50. Rb8+ Kg7 51. Rb7 Kf8 52. Rc7 f6 53. Rb7
Ra1 54. Rb8+ Kf7 55. Rb6 Rg1+ 56. Kf3 Ra1 57. d5 Nc8 58. Rc6 Ne7 59. Rc7 Ke8 60.
d6 Ng8 61. Rc8+ 1-0

[Event "Titled Tue 17th Jun Early"]
[Site "chess.com INT"]
[Date "2025.06.17"]
[Round "6"]
[White "Dobre, Claudiu-Cristian"]
[Black "Toktomushev, Teimur"]
[Result "0-1"]
[WhiteTitle "IM"]
[BlackTitle "FM"]
[WhiteElo "2287"]
[BlackElo "2390"]
[WhiteFideId "1211854"]
[BlackFideId "14176726"]
[EventDate "2025.06.17"]

1. d4 d5 2. Nf3 Nf6 3. e3 c5 4. dxc5 e6 5. c4 Bxc5 6. a3 O-O 7. b4 Be7 8. Bb2 a5
9. b5 Nbd7 10. Nc3 dxc4 11. Na4 b6 12. Bxc4 Bb7 13. O-O Rc8 14. Rc1 Ne4 15. Qb3
Ndc5 16. Nxc5 Nxc5 17. Qa2 Bxf3 18. gxf3 Bf6 19. Rcd1 Qe7 20. Bd4 Bxd4 21. Rxd4
Rfd8 22. Rfd1 Rxd4 23. Rxd4 Rd8 24. Qd2 Rxd4 25. Qxd4 g6 26. f4 h5 27. h3 Kh7
28. Be2 Qd7 29. Qf6 Ne4 30. Qe5 Nd6 31. Bd3 Ne8 32. Qxh5+ Kg8 33. Qe2 Qd6 34. a4
Nf6 35. Qc2 Nd5 36. Be4 Nf6 37. Bf3 Nd7 38. Qc6 Qd2 39. Qc8+ Kg7 40. Qd8 Ne5 41.
Qa8 Nd3 42. Bg2 Qxf2+ 43. Kh1 Qe1+ 44. Kh2 Qxe3 45. Qe4 Qxf4+ 46. Qxf4 Nxf4 47.
Bf1 Kf6 48. Kg3 Ke5 49. Kg4 f6 50. h4 Nd5 51. Bd3 Ne3+ 52. Kf3 Nf5 53. Kg4 Ne7
54. Bb1 Kd4 55. Bxg6 Nxg6 56. h5 Nf8 57. h6 Ke4 58. Kh4 Kf4 59. Kh5 e5 60. Kh4
e4 0-1

[Event "Titled Tue 17th Jun Early"]
[Site "chess.com INT"]
[Date "2025.06.17"]
[Round "6"]
[White "Zlatin, Alexander"]
[Black "Gilfanov, Marat I"]
[Result "1/2-1/2"]
[WhiteTitle "FM"]
[BlackTitle "FM"]
[WhiteElo "2313"]
[BlackElo "2343"]
[WhiteFideId "2810549"]
[BlackFideId "34372164"]
[EventDate "2025.06.17"]

1. e4 c5 2. Nf3 Nc6 3. d4 cxd4 4. Nxd4 Nf6 5. Nc3 d6 6. Nxc6 bxc6 7. Bd3 e5 8.
O-O Be7 9. b3 O-O 10. Bb2 d5 11. Qe2 d4 12. Na4 c5 13. f4 Ng4 14. Bc1 Bd7 15.
Nb2 exf4 16. Bxf4 Bg5 17. Nc4 Bxf4 18. Rxf4 Qg5 19. Raf1 f6 20. Qf3 Ne5 21. Nxe5
Qxe5 22. Bc4+ Kh8 23. Bd5 Rae8 24. Rh4 g6 25. Qf4 Qxf4 26. Rhxf4 Kg7 27. g4 Re5
28. h3 h5 29. gxh5 Rg5+ 30. Kf2 Bxh3 31. h6+ Kh7 32. Ke1 f5 33. exf5 Bxf5 34.
Kd2 Kxh6 35. Rh1+ Kg7 36. Rfh4 Kf6 37. Rh7 Ke5 38. Bb7 Rg3 39. Re1+ Kf6 40. Bd5
Rc3 41. Be4 Re8 42. Bxf5 Rxe1 43. Kxe1 Kxf5 44. Kd2 g5 45. Rxa7 g4 46. Rg7 Re3
47. a4 Kf4 48. a5 Kf3 49. Rf7+ Kg2 50. a6 Re6 51. a7 Ra6 52. Kd3 g3 53. Kc4 Ra5
54. b4 cxb4 55. Kxb4 Ra1 56. Kc4 Kh1 57. Kxd4 g2 58. Rh7+ Kg1 59. c4 Kf2 60. Rg7
Rxa7 61. Rxg2+ Kxg2 62. Kc5 Kf3 63. Kb6 Rh7 64. c5 Ke4 65. c6 Rh6 66. Kb7 Kd5
67. c7 Rh8 68. c8=Q Rxc8 69. Kxc8 1/2-1/2

[Event "Titled Tue 17th Jun Early"]
[Site "chess.com INT"]
[Date "2025.06.17"]
[Round "6"]
[White "Azizoglu, Ferzan"]
[Black "Pham, Le Thao Nguyen"]
[Result "0-1"]
[BlackTitle "IM"]
[WhiteElo "2055"]
[BlackElo "2357"]
[WhiteFideId "6302726"]
[BlackFideId "12401226"]
[EventDate "2025.06.17"]

1. e4 c5 2. Nf3 e6 3. c3 d5 4. exd5 exd5 5. d4 Nc6 6. Bb5 Bd6 7. O-O Ne7 8. dxc5
Bxc5 9. Bg5 O-O 10. Nbd2 a6 11. Be2 Bf5 12. Nb3 Bd6 13. Nbd4 Bg6 14. Re1 Qc7 15.
Bh4 Nxd4 16. Qxd4 Nf5 17. Qxd5 Nxh4 18. Nxh4 Bxh2+ 19. Kf1 Rad8 20. Qb3 Rd2 21.
Nxg6 hxg6 22. Rad1 Bf4 23. Bf3 b6 24. g3 Bg5 25. Rxd2 Bxd2 26. Re2 Bg5 27. Kg2
Rd8 28. Qa4 a5 29. Re8+ Kh7 30. Rxd8 Qxd8 31. Qc2 Be7 32. Qe2 Bc5 33. c4 Qd4 34.
b3 f5 35. Bd5 Kh6 36. Kg1 g5 37. Qe6+ g6 38. Qe2 f4 39. gxf4 gxf4 40. Kg2 Qf6
41. Qf3 Qg5+ 42. Kf1 Kg7 43. Qh3 Qe5 44. Qd7+ Kh6 45. Qh3+ Kg5 46. Qg2+ Kf6 47.
Qf3 Qa1+ 48. Kg2 Qe5 49. Qh3 Qg5+ 50. Kf1 Qe5 51. Qf3 Bd6 52. Kg2 Qg5+ 53. Kf1
Qe5 54. Qe4 Qxe4 55. Bxe4 g5 56. f3 Ke5 57. Ke2 g4 58. Kf2 g3+ 59. Kg2 Kd4 60.
Bd5 Kc3 61. a4 Bc5 0-1

[Event "Titled Tue 17th Jun Early"]
[Site "chess.com INT"]
[Date "2025.06.17"]
[Round "6"]
[White "Sarquis, Maria Belen"]
[Black "Carrasco Miranda, Andres"]
[Result "1-0"]
[WhiteTitle "WIM"]
[BlackTitle "CM"]
[WhiteElo "2156"]
[BlackElo "2211"]
[WhiteFideId "111805"]
[BlackFideId "3405990"]
[EventDate "2025.06.17"]

1. e4 e5 2. Nf3 Nc6 3. Bc4 Bc5 4. d3 Nf6 5. c3 d6 6. a4 a5 7. Nbd2 Ba7 8. Nf1
O-O 9. Ng3 Be6 10. O-O Bxc4 11. dxc4 Ne7 12. Bg5 Ng6 13. Nh5 Re8 14. Bxf6 gxf6
15. Qc1 Kh8 16. Qh6 Rg8 17. g3 Qe7 18. Kh1 c6 19. Nh4 Qf8 20. Qxf8 Rgxf8 21.
Nxf6 Nxh4 22. gxh4 Rad8 23. Rad1 Kg7 24. Nh5+ Kg6 25. Ng3 Rd7 26. Kg2 Rfd8 27.
Rfe1 f6 28. Rd3 d5 29. cxd5 cxd5 30. Red1 d4 31. cxd4 Rxd4 32. Rxd4 Rxd4 33.
Rxd4 Bxd4 34. b3 Bc5 35. Kf3 Kf7 36. Ke2 Ke6 37. f3 Bg1 38. h3 Bh2 39. Nf5 Bf4
40. Kd3 Kd7 41. Kc4 Kc6 42. h5 Bg5 43. Ne7+ Kd7 44. Nd5 Bh4 45. Kb5 Kd6 46. Nb6
f5 47. Nc4+ Ke6 48. Nxa5 fxe4 49. fxe4 Kf6 50. Nxb7 Kg5 51. a5 Bf2 52. Nc5 Kxh5
53. a6 Kh4 54. a7 Kxh3 55. a8=Q h5 56. Qf8 Bg3 57. Qf3 h4 58. Nd3 Kh2 59. Nf2
Kg1 60. Nh3+ Kh2 61. Ng5 Kg1 62. Qg4 1-0

[Event "Titled Tue 17th Jun Early"]
[Site "chess.com INT"]
[Date "2025.06.17"]
[Round "6"]
[White "Klukin, Kirill"]
[Black "Rahman, Masruri"]
[Result "1-0"]
[WhiteTitle "IM"]
[BlackTitle "FM"]
[WhiteElo "2401"]
[BlackElo "2407"]
[WhiteFideId "24199273"]
[BlackFideId "7101163"]
[EventDate "2025.06.17"]

1. d4 Nf6 2. Nf3 e6 3. e3 b6 4. Bd3 Bb7 5. O-O c5 6. c4 cxd4 7. exd4 Be7 8. Nc3
d6 9. b3 O-O 10. d5 e5 11. Bb2 Nbd7 12. Nd2 Re8 13. Qe2 Bf8 14. Rae1 g6 15. Bc1
Nc5 16. Bc2 Bg7 17. b4 Ncd7 18. Nde4 Nxe4 19. Nxe4 Qc7 20. Be3 h6 21. g4 Rac8
22. Ba4 Re7 23. g5 h5 24. Rc1 Qb8 25. Qf3 Nf8 26. Nf6+ Kh8 27. c5 dxc5 28. bxc5
e4 29. Qg3 Qxg3+ 30. hxg3 bxc5 31. d6 Re6 32. d7 Ra8 33. Bxc5 Nh7 34. Rfd1 Rd8
35. Nxh7 Kxh7 36. Bxa7 Ra6 37. Bb8 Rxb8 38. Bb5 Rb6 39. a4 e3 40. d8=Q Rxd8 41.
Rxd8 exf2+ 42. Kxf2 Re6 43. Rc7 Be4 44. Rxf7 Re5 45. Rdd7 Rf5+ 46. Rxf5 Bxf5 47.
Re7 Kg8 48. Bc4+ Kh8 49. a5 Bd4+ 50. Kg2 Bc5 51. Re8+ Kg7 52. Bd5 Bd7 53. Rg8+
Kh7 54. Rd8 Bf5 55. a6 Kg7 56. Rb8 Bd3 57. Rb7+ Kf8 58. a7 Bxa7 59. Rxa7 1-0

[Event "Titled Tue 17th Jun Early"]
[Site "chess.com INT"]
[Date "2025.06.17"]
[Round "6"]
[White "Gubajdullin, Alexei"]
[Black "Chiappero, Julio Alfredo"]
[Result "1/2-1/2"]
[WhiteTitle "FM"]
[BlackTitle "FM"]
[WhiteElo "2233"]
[BlackElo "2238"]
[WhiteFideId "4141202"]
[BlackFideId "139998"]
[EventDate "2025.06.17"]

1. Nf3 Nf6 2. g3 e6 3. Bg2 d5 4. O-O c5 5. d3 Nc6 6. Nbd2 Be7 7. e4 O-O 8. e5
Nd7 9. Re1 Qc7 10. Qe2 b5 11. Nf1 a5 12. Bf4 a4 13. Ne3 a3 14. Nxd5 exd5 15. e6
Bd6 16. Bxd6 Qxd6 17. exd7 Bxd7 18. bxa3 Rxa3 19. Ng5 h6 20. Nh3 Nd4 21. Qd1 Rc3
22. Nf4 Nxc2 23. Nxd5 Nxe1 24. Nxc3 Nxg2 25. Kxg2 Bc6+ 26. f3 Rd8 27. Ne4 Bxe4
28. fxe4 Qxd3 29. Qxd3 Rxd3 30. Rc1 c4 31. a4 bxa4 32. Rxc4 a3 33. Ra4 Re3 34.
Ra7 Rb3 35. Kh3 g6 36. e5 Re3 37. Kg4 Kg7 38. e6 Rxe6 39. Rxa3 h5+ 40. Kh3 g5
41. Ra2 Kg6 42. Kg2 Rc6 43. Rb2 f6 44. Ra2 Rb6 45. Rc2 Re6 46. Rb2 Kf5 47. Ra2
h4 48. gxh4 gxh4 49. Kh3 Kg5 50. Rg2+ Kh5 51. Rg8 Re3+ 52. Kg2 f5 53. Kf2 Ra3
54. Kg2 f4 55. Kf2 h3 56. Rh8+ Kg4 57. Rg8+ Kh5 58. Rh8+ Kg6 59. Rg8+ Kf6 60.
Rf8+ Kg5 61. Rg8+ Kh6 62. Rh8+ Kg7 63. Rh4 Ra2+ 64. Kf3 Rxh2 65. Kxf4 Kg6 66.
Kg3 Rg2+ 67. Kxh3 Rg5 1/2-1/2

[Event "Titled Tue 17th Jun Early"]
[Site "chess.com INT"]
[Date "2025.06.17"]
[Round "6"]
[White "Parpiev, Isaak"]
[Black "Injac, Teodora"]
[Result "0-1"]
[WhiteTitle "CM"]
[BlackTitle "IM"]
[WhiteElo "2364"]
[BlackElo "2457"]
[WhiteFideId "34281576"]
[BlackFideId "932400"]
[EventDate "2025.06.17"]

1. e4 e5 2. Nf3 Nc6 3. Bb5 a6 4. Ba4 d6 5. c4 Bg4 6. Nc3 Nf6 7. d3 Nd7 8. Be3
Be7 9. h3 Bxf3 10. Qxf3 O-O 11. O-O Nc5 12. Bxc5 dxc5 13. Bxc6 bxc6 14. Rad1 a5
15. b3 Qd4 16. Na4 Rad8 17. Qe3 Qd6 18. g3 Qe6 19. Nxc5 Qxh3 20. Nb7 Ra8 21. d4
Rfb8 22. Nc5 exd4 23. Qxd4 Qh5 24. Nd3 Rd8 25. Qe3 a4 26. Rd2 axb3 27. axb3 Bg5
28. Nf4 Qg4 29. Rxd8+ Rxd8 30. Kg2 h5 31. Qf3 Bxf4 32. Qxf4 Rd3 33. Qxg4 hxg4
34. Rb1 Rc3 35. Kf1 Rc2 36. Kg2 Kf8 37. Kf1 Ke7 38. Ke1 Ke6 39. Rd1 Rc3 40. Rb1
Ke5 41. Kd2 Rf3 42. Ke2 Kxe4 43. b4 Rc3 44. b5 Rxc4 45. bxc6 f5 46. Rb7 Rxc6 47.
Rb4+ Kd5 48. Rb5+ Rc5 49. Rb8 Ke4 50. Re8+ Re5 51. Rg8 Kd4+ 52. Kd2 Re7 53. Rf8
Re5 54. Rd8+ Rd5 55. Rg8 c5 56. Rxg7 c4 57. Rc7 Rc5 58. Rd7+ Ke4 59. Re7+ Kf3
60. Ke1 c3 61. Kf1 f4 62. Rf7 Rc4 63. Rd7 c2 0-1

[Event "Titled Tue 17th Jun Early"]
[Site "chess.com INT"]
[Date "2025.06.17"]
[Round "6"]
[White "Gibala, Adam"]
[Black "Csonka, Balazs"]
[Result "0-1"]
[WhiteTitle "CM"]
[BlackTitle "IM"]
[WhiteElo "2245"]
[BlackElo "2467"]
[WhiteFideId "21070288"]
[BlackFideId "742910"]
[EventDate "2025.06.17"]

1. c4 e5 2. Nc3 Nf6 3. Nf3 Nc6 4. e4 d6 5. d4 Bg4 6. d5 Nd4 7. Be3 Nxf3+ 8. gxf3
Bh5 9. Be2 g6 10. Qb3 b6 11. O-O-O Bg7 12. Rhg1 O-O 13. Rg3 Kh8 14. Kb1 Nd7 15.
Bg5 f6 16. Bc1 f5 17. Qc2 f4 18. Rh3 Bf6 19. Rg1 Bh4 20. Nd1 g5 21. b3 Nf6 22.
Bb2 Be8 23. b4 Bd7 24. Bf1 a5 25. c5 axb4 26. c6 Bc8 27. Qb3 Ba6 28. Bxa6 Rxa6
29. Qxb4 Qc8 30. Rxh4 gxh4 31. Bxe5 Qe8 32. Bc3 Qf7 33. Qb2 h6 34. Rg4 Raa8 35.
Rxf4 Kg7 36. Bxf6+ Kh7 37. Be5 Qg6 38. Rxf8 Rxf8 39. Bd4 Rxf3 40. Qe2 Rf4 41. f3
h3 42. Bf2 Qg2 43. Kc2 Rxf3 44. Kd2 Qg5+ 45. Ke1 Qg4 46. Ne3 Qh5 47. Qa6 Rf7 48.
Qc8 Qg6 49. Qe6 Qxe6 50. dxe6 Re7 51. Nd5 Rxe6 52. Nxc7 Rxe4+ 53. Kd2 Rc4 54.
Bxb6 Rxc6 55. Ba5 Rc5 56. Bb6 Rc6 57. Ba5 Rc5 58. Bb6 Rg5 59. Bf2 Rg2 60. Ke3
Rxh2 61. Kf3 Rh1 62. Kg3 h2 63. Bd4 Rc1 0-1

[Event "Titled Tue 17th Jun Early"]
[Site "chess.com INT"]
[Date "2025.06.17"]
[Round "6"]
[White "Shimanov, Aleksandr"]
[Black "Iskusnyh, Sergei"]
[Result "1-0"]
[WhiteTitle "GM"]
[BlackTitle "GM"]
[WhiteElo "2578"]
[BlackElo "2440"]
[WhiteFideId "4198603"]
[BlackFideId "4120027"]
[EventDate "2025.06.17"]

1. b3 d5 2. Bb2 Bf5 3. d3 e6 4. Nd2 Nf6 5. g3 h6 6. Bg2 c6 7. e4 Bh7 8. Nh3 Bb4
9. f3 a5 10. a3 Be7 11. Qe2 O-O 12. O-O a4 13. b4 c5 14. b5 c4 15. dxc4 dxe4 16.
fxe4 Bc5+ 17. Kh1 Bd4 18. c3 Bc5 19. Nf4 Nbd7 20. e5 Ne8 21. Bxb7 Rb8 22. Bc6
Qc7 23. Nf3 Rb6 24. Be4 Bxe4 25. Qxe4 Be7 26. Nd3 Qc8 27. Bc1 f5 28. exf6 Nexf6
29. Qd4 Qb7 30. Be3 Rd8 31. Ne5 Bc5 32. Qxc5 Nxc5 33. Bxc5 Qb8 34. Rae1 Rc8 35.
Bd4 Rb7 36. Nc6 Rxc6 37. bxc6 Rc7 38. Rxe6 Qc8 39. Re2 Rxc6 40. Ne5 Rxc4 41.
Nxc4 Qxc4 42. Rfe1 Nd5 43. Rf2 Kh7 44. Rf3 Qc6 45. Kg2 Nb4 46. axb4 a3 47. Re2
Qc4 48. Re1 a2 49. Rff1 Qb3 50. Kg1 Qc2 51. Rc1 Qd2 52. Rfd1 Qe2 53. c4 h5 54.
c5 h4 55. gxh4 Qg4+ 56. Kf2 Qf4+ 57. Ke2 Qxh2+ 58. Kd3 Qh3+ 59. Kc4 Qe6+ 60. Kc3
Qh3+ 61. Kb2 Qg2+ 62. Ka1 Qc6 63. b5 Qb6 64. cxb6 1-0

[Event "Titled Tue 17th Jun Early"]
[Site "chess.com INT"]
[Date "2025.06.17"]
[Round "6"]
[White "Shuvalov, Evgenij"]
[Black "Deveci, Huseyin Said"]
[Result "0-1"]
[BlackTitle "CM"]
[WhiteElo "1986"]
[BlackElo "2212"]
[WhiteFideId "4187237"]
[BlackFideId "26322455"]
[EventDate "2025.06.17"]

1. d4 Nf6 2. c4 c5 3. d5 b5 4. cxb5 a6 5. bxa6 e6 6. Nc3 exd5 7. Nxd5 Be7 8. Nf3
O-O 9. e3 Nc6 10. Bc4 Nxd5 11. Qxd5 Bxa6 12. Bxa6 Rxa6 13. O-O Nb4 14. Qc4 Rg6
15. a3 Qa8 16. e4 d6 17. Bf4 d5 18. exd5 Nxd5 19. Bg3 Bf6 20. Qxc5 Bxb2 21. Ra2
Bf6 22. a4 Rc8 23. Qa3 h5 24. h4 Rc3 25. Qd6 Bxh4 26. Qb8+ Qxb8 27. Bxb8 Rxf3
28. a5 Rb3 29. Be5 Ra6 30. Rd1 Rb5 31. Rd4 Bf6 32. Bxf6 Nxf6 33. Rda4 Nd7 34. f3
Ne5 35. Kf2 Nc6 36. Rc4 Raxa5 37. Rac2 Ne5 38. Rh4 g6 39. Re4 Kg7 40. Rce2 Nd3+
41. Ke3 Nc5 42. Rd4 Ne6 43. Re4 Rb3+ 44. Kf2 Rab5 45. Kg3 Rb2 46. R4e3 Rxe2 47.
Rxe2 Kf6 48. Rd2 g5 49. Ra2 Rb4 50. Ra5 Rb2 51. Ra6 Kf5 52. Ra5+ Kg6 53. Ra6 h4+
54. Kh2 Kh5 55. Ra8 Nf4 56. Rh8+ Kg6 57. Kh1 Rb1+ 58. Kh2 Rb2 59. Kh1 Nxg2 60.
Rg8+ Kf6 61. f4 Nxf4 62. Rb8 Rxb8 63. Kh2 Rb2+ 64. Kh1 g4 0-1

[Event "Titled Tue 17th Jun Early"]
[Site "chess.com INT"]
[Date "2025.06.17"]
[Round "6"]
[White "Matyakubov, Miraziz"]
[Black "Fedorov, Artem Alek"]
[Result "0-1"]
[WhiteTitle "CM"]
[BlackTitle "CM"]
[WhiteElo "2278"]
[BlackElo "2157"]
[WhiteFideId "14215772"]
[BlackFideId "34418431"]
[EventDate "2025.06.17"]

1. e4 c5 2. Nf3 e6 3. c3 d5 4. exd5 Qxd5 5. d4 Nf6 6. Na3 Qd8 7. Nc4 Nc6 8. Be3
cxd4 9. Nxd4 Nxd4 10. Bxd4 Bd7 11. Be2 Bc6 12. O-O Be7 13. Ne5 O-O 14. Nxc6 bxc6
15. Bf3 Qc7 16. Qa4 Rfc8 17. Rfe1 Nd5 18. Be5 Bd6 19. Bxd6 Qxd6 20. Rad1 Qc5 21.
Qb3 Rab8 22. Qc2 g6 23. Rb1 a5 24. g3 a4 25. Bg2 a3 26. bxa3 Qxa3 27. c4 Nb4 28.
Qb3 Qa7 29. Red1 Nxa2 30. Qc2 Nb4 31. Qc3 c5 32. h4 h5 33. Bf3 Rd8 34. Kg2 Qc7
35. Qe3 Nc2 36. Qg5 Nd4 37. Bxh5 Rxb1 38. Rxb1 Qc6+ 39. Kh2 Qe4 40. Qxd8+ Kg7
41. Bd1 Qxb1 42. Bg4 Qf1 43. Qg5 Qxf2+ 44. Kh3 Qf1+ 45. Kh2 Qxc4 46. Qe5+ Kg8
47. Qc7 Qc2+ 48. Kh3 Qc1 49. Qb8+ Kh7 50. Kh2 Qd2+ 51. Kh3 Qe1 52. Qb7 Qf1+ 53.
Kh2 Ne2 54. Bxe2 Qxe2+ 55. Kh3 Qf1+ 56. Kh2 c4 57. Qc6 Qd3 58. Qc7 Kg7 59. Qe5+
Kg8 60. Qb8+ Kh7 61. Qe5 c3 62. Qc7 Qf3 63. Qc4 Qf2+ 64. Kh3 c2 65. Qc7 Qf1+ 66.
Kh2 c1=Q 67. Qb7 Qd2+ 0-1

[Event "Titled Tue 17th Jun Early"]
[Site "chess.com INT"]
[Date "2025.06.17"]
[Round "6"]
[White "Sasvatha A"]
[Black "Estrada Nieto, Julian"]
[Result "1-0"]
[WhiteTitle "WCM"]
[BlackTitle "IM"]
[WhiteElo "1760"]
[BlackElo "2181"]
[WhiteFideId "45010862"]
[BlackFideId "5101018"]
[EventDate "2025.06.17"]

1. d4 d5 2. Nf3 Nf6 3. Bf4 c5 4. e3 Nc6 5. c3 Bg4 6. Be2 e6 7. h3 Bh5 8. Nbd2
Bd6 9. Bxd6 Qxd6 10. Qb3 c4 11. Qxb7 O-O 12. b3 Rab8 13. Qa6 Rb6 14. Qa4 cxb3
15. axb3 a5 16. O-O Bg6 17. Rfc1 h6 18. c4 Rb4 19. Qa3 Qd7 20. Ne1 Rfb8 21. Bd3
Ne4 22. Bxe4 Bxe4 23. Nxe4 dxe4 24. Rc3 Qb7 25. d5 exd5 26. cxd5 Ne5 27. Qxa5
Rxb3 28. Rxb3 Qxb3 29. Qc7 Re8 30. d6 Qd5 31. Nc2 Nd3 32. d7 Rf8 33. Nd4 h5 34.
Ra7 Ne5 35. Qc8 Nxd7 36. Qxd7 Qc4 37. Qb7 Qc1+ 38. Kh2 Qd2 39. Qxe4 Qxf2 40. Ra8
Rxa8 41. Qxa8+ Kh7 42. Qf3 Qxf3 43. gxf3 g6 44. Kg3 Kg7 45. Kf4 Kf6 46. h4 g5+
47. hxg5+ Kg6 48. Nf5 f6 49. Nh4+ Kf7 50. gxf6 Kxf6 51. e4 Ke6 52. e5 Kf7 53.
Ke4 Ke7 54. f4 Ke6 55. f5+ Kf7 56. f6 Ke6 57. Kf4 Kf7 58. Kf5 Kf8 59. e6 Ke8 60.
f7+ Ke7 61. Ng6+ Kd8 62. f8=Q+ Kc7 63. Qc5+ Kb7 64. e7 Ka6 65. e8=Q Kb7 66.
Qec6+ 1-0

[Event "Titled Tue 17th Jun Early"]
[Site "chess.com INT"]
[Date "2025.06.17"]
[Round "6"]
[White "Myagmarsuren, Evsuld"]
[Black "Ristic, Nebojsa M"]
[Result "1-0"]
[WhiteTitle "FM"]
[BlackTitle "IM"]
[WhiteElo "2292"]
[BlackElo "2248"]
[WhiteFideId "1551639"]
[BlackFideId "900850"]
[EventDate "2025.06.17"]

1. e4 e6 2. d4 d5 3. e5 c5 4. c3 Nc6 5. Nf3 Qb6 6. Bd3 Bd7 7. O-O cxd4 8. cxd4
Nb4 9. Be2 Bb5 10. Bxb5+ Qxb5 11. Nc3 Qa6 12. Bd2 Ne7 13. Qb3 Ng6 14. h4 Be7 15.
h5 Nf8 16. a3 Nc6 17. Rac1 Nd7 18. h6 g6 19. Nb5 Qb6 20. Qd3 a6 21. Nc3 O-O 22.
b4 Qd8 23. Na4 Nb6 24. Nxb6 Qxb6 25. Be3 Rfc8 26. Nd2 Na7 27. Nb3 Qb5 28. Qb1
Qa4 29. Nc5 Bxc5 30. bxc5 Rab8 31. Qd3 Nb5 32. Ra1 Na7 33. Bd2 b6 34. Qf3 Qe8
35. Qf6 Qf8 36. Bg5 Nc6 37. cxb6 Rxb6 38. Rfc1 Rbb8 39. a4 Nxd4 40. Rxc8 Rxc8
41. Be3 Nf5 42. Bb6 Qxh6 43. a5 Qg7 44. Qg5 Qxe5 45. Rf1 h6 46. Qd2 Qc3 47. Qe2
Qf6 48. Qxa6 Re8 49. Qb5 Nd6 50. Qc6 Qe7 51. Bc5 Rd8 52. a6 Qd7 53. Qxd7 Rxd7
54. a7 Rxa7 55. Bxa7 Nf5 56. g4 Nh4 57. f3 g5 58. Bd4 Ng6 59. Kf2 Kf8 60. Bf6
Ke8 61. Rb1 Kd7 62. Rb7+ Ke8 63. Rb8+ Kd7 64. Rg8 e5 65. Rg7 Ke6 66. Bd8 d4 67.
Rh7 d3 68. Rxh6 1-0

[Event "Titled Tue 17th Jun Early"]
[Site "chess.com INT"]
[Date "2025.06.17"]
[Round "6"]
[White "Troltenier, Dirk"]
[Black "Shokirjonova, Barchinoy"]
[Result "1-0"]
[WhiteTitle "FM"]
[BlackTitle "WFM"]
[WhiteElo "2174"]
[BlackElo "2010"]
[WhiteFideId "4606400"]
[BlackFideId "14212307"]
[EventDate "2025.06.17"]

1. e4 e6 2. d4 d5 3. Nd2 c5 4. Ngf3 cxd4 5. exd5 Qxd5 6. Bc4 Qd7 7. O-O Nc6 8.
Nb3 a6 9. Nbxd4 Nxd4 10. Qxd4 Qxd4 11. Nxd4 Nf6 12. Be2 Bc5 13. Nb3 Bb6 14. Bf3
O-O 15. Rd1 Bc7 16. Be3 Rb8 17. Ba7 Ra8 18. Bc5 Re8 19. Rd2 Nd7 20. Bd6 Bxd6 21.
Rxd6 Ne5 22. Be2 Kf8 23. Rad1 Ke7 24. c4 f6 25. f4 Nf7 26. R6d2 Rd8 27. Bf3 Rb8
28. Na5 Rxd2 29. Rxd2 Nd8 30. b4 b6 31. Nc6+ Nxc6 32. Bxc6 a5 33. b5 f5 34. Kf2
Kf6 35. Ke3 Bb7 36. Rd6 Bxc6 37. Rxc6 Ke7 38. Kd4 Kd7 39. Ke5 Rb7 40. Rd6+ Ke7
41. Rxe6+ Kf7 42. Rc6 g6 43. a4 Re7+ 44. Kd4 Rd7+ 45. Kc3 Rb7 46. g3 Ke7 47. Kd4
Rd7+ 48. Ke5 Rb7 49. c5 bxc5 50. Rxc5 Kd7 51. Rc6 Rb8 52. Ra6 Re8+ 53. Kd5 Kc7
54. Rxa5 Re2 55. Ra7+ Kb6 56. Rxh7 Ra2 57. Rh6 Rxa4 58. Rxg6+ Kxb5 59. h4 Ra3
60. h5 Kb4 61. h6 Ra1 62. Ke5 Rh1 63. Kxf5 Kc4 64. g4 Kd4 65. g5 Ke3 66. Rg7 Kf3
67. Rc7 Kg3 68. Rc3+ Kf2 69. Kg6 Rh4 70. f5 1-0